El ordenamiento territorial de los espacios rurales en Chile /

El presente artículo aborda los principales desafíos a enfrentar en la ordenación del territorio del país, revisando el marco normativo disponible, presentando uno de los problemas más relevantes respecto al uso del espacio rural como son las parcelaciones para usos residenciales, y estudia una de l...

Full description

Bibliographic Details
Main Author: Márquez Poblete, Marco Aurelio
Format: Analitica de revista
Language:Spanish
Published: Santiago, Chile Pontificia Universidad Católica de Chile 1999

MARC

LEADER 00000cab a2200000 a 4500
001 040728
003 UAHC_CL
005 20170803124503.0
008 051006b xx j 000 1 spa
040 |a UAHC_CL  |c UAHC_CL  |d UAHC_CL 
100 1 |a Márquez Poblete, Marco Aurelio 
245 1 3 |a El ordenamiento territorial de los espacios rurales en Chile /  |c Marco Aurelio Márquez Poblete. 
260 |b Pontificia Universidad Católica de Chile  |c 1999  |a Santiago, Chile 
300 |a pp. 113-118 
500 |a En: Revista de geografía norte grande, n˚26, 1999. pp.113-118. ISSN 0379-8682 
500 |a En: Revista de geografía norte grande, n°26, 1999. pp.113-118. ISSN 0379-8682 
500 |a En: Revista de geografÌa norte grande, nç26, 1999. pp.113-118. ISSN 0379-8682 
520 |a El presente artículo aborda los principales desafíos a enfrentar en la ordenación del territorio del país, revisando el marco normativo disponible, presentando uno de los problemas más relevantes respecto al uso del espacio rural como son las parcelaciones para usos residenciales, y estudia una de las propuestas más recientes para enfrentar los temas de planificación rural. 
520 |a El presente artículo aborda los principales desafíos a enfrentar en la ordenación del territorio del país, revisando el marco normativo disponible, presentando uno de los problemas más relevantes respecto al uso del espacio rural como son las parcelaciones para usos residenciales, y estudia una de las propuestas más recientes para enfrentar los temas de planificación rural. 
759 |a PP115 
773 0 |t Revista de geografía norte grande  |w 040513 
900 |a REV. GEOGR. NORTE GD.-26/99 
942 |c REVA 
952 |0 0  |1 0  |4 0  |6 REV___GEOGR__NORTE_GD_26_99_000000000000000  |7 0  |8 General  |9 76493  |a BC  |b BC  |c General  |d 2017-08-03  |l 0  |o REV. GEOGR. NORTE GD.-26/99  |p FICTICIO6277  |r 2019-01-08 00:00:00  |t 1  |w 2017-08-03  |y REVA 
999 |c 40728  |d 40728